000 00438cam a2200181ua 4500
020 _c8.20
041 _aeng
_h
082 _a425
_bHAW/PR
100 _aHawkins, Robert H .
245 _aPrimary English practice /
_cRobert H Hawkins.
_hTextual Documents
250 _a1 /
_b.
260 _aLondon :
_bLongman Green and Co ,
_c1960.
300 _a64 ; .
365 _a8.20
504 _a
942 _cBK
999 _c8583
_d8583